| 000 | 00000nas 2200000zi 4500 |
| 001 | 9.869864 |
| 003 | CaOODSP |
| 005 | 20221107162950 |
| 006 | m o d f |
| 007 | cr ||||||||||| |
| 008 | 190313d19821985xxc | m o f0###a0eng|d |
| 040 | |aCaOODSP|beng|erda|cCaOODSP |
| 043 | |an-cn--- |
| 086 | 1 |aCo24-3/1E-PDF |
| 130 | 0 |aDOC contractor report (Canada. Department of Communications) |
| 245 | 00|aDOC contractor report. |
| 264 | 1|aOttawa, Canada : |bDepartment of Communications. |
| 336 | |atext|btxt|2rdacontent |
| 337 | |acomputer|bc|2rdamedia |
| 338 | |aonline resource|bcr|2rdacarrier |
| 500 | |aDigitized edition from print [produced by Innovation, Science and Economic Development Canada]. |
| 710 | 1 |aCanada. |bDepartment of Communications. |
| 710 | 2 |aCommunications Research Centre (Canada) |
| 775 | 08|tRapport d'entrepreneur du MDC / |w(CaOODSP)9.870428 |